000 00747 a2200229 4500
999 _c764
_d764
020 _a080162732X
050 0 0 _aR735 APP 1981
100 _aKnopke, Harry J. (editor)
245 0 0 _aApproaches to teaching primary health care /
_cedited by Harry J. Knopke, Nancy L. Diekelmann.
264 _aSt Louis
_bC.V Mosby
_c1981
300 _axxii, 322 p. :
_bill. ;
500 _aPrimary health care
504 _aIncludes bibliographies and index.
650 0 _aMedical education.
650 0 _aPrimary care (Medicine)
_xStudy and teaching.
650 2 _aPrimary health care.
650 2 _aTeaching
_xMethods.
650 2 _aEducation, Medical.
700 1 _aKnopke, Harry J.,
_d1946-
700 1 _aDiekelmann, Nancy L.
942 _2lcc
_cBK
_h735
_iAPP
_kR